000 00467 a2200193 4500
005 20260423143053.0
008 260423b |||||||| |||| 00| 0 eng d
020 _a9789349281578
_cRs. 2095.00
040 _aMAIN
082 _a346.048
_bV59I
100 _aVasu Kumar
245 _aIntellectual property rights
260 _bYking Books
_c2025
_aJaipur
300 _avi, 272
650 _aLaw
650 _aPrivate Law
650 _aProperty Law
942 _cBK
999 _c396106
_d396106